| 000 | 00677nam a2200265K 4500 | ||
|---|---|---|---|
| 001 | 42055 | ||
| 005 | 20230411085956.0 | ||
| 008 | 951010t19711961sp a 000 0 spa d | ||
| 035 | _a(OCoLC)ocm33266767 | ||
| 040 |
_aEL1 _cEL1 |
||
| 029 | 1 |
_aNLGGC _b053697944 |
|
| 029 | 1 |
_aNLGGC _b173719945 |
|
| 035 | _a(OCoLC)33266767 | ||
| 090 | _aB144 l1961 | ||
| 092 |
_a468.2 _bB14 |
||
| 049 | _aGRAL | ||
| 100 | 1 | _aBagué Nin, Esteban. | |
| 245 | 1 | 0 |
_aLingua; _bmanual de redacción castellana. |
| 250 | _a4. ed. | ||
| 260 |
_aBarcelona, _bVicens-Vives _c[1971, c1961] |
||
| 300 |
_a204 p. _billus. _c22 cm. |
||
| 942 |
_2lcc _cbk |
||
| 946 | _aclperez | ||
| 994 |
_aC0 _bDRFGD |
||
| 999 |
_c110328 _d110328 |
||